00538nam a22001575i 4500001000700000003000900007005001700016008004100033100001900074245010500093260003700198300002800235490004800263830004800311852002100359171875ES-MaACL20230906214743.0090604s1909 fr |||| | fre d1 aSollier, Paul.13aLe Doute, leçons faites à l'Université nouvelle de Bruxelles, 1908 /cpar le Dr. Paul Sollier. aParis : bFélix Alcan, c1909. aVIII, 407 p. ; c23 cm.1 aBibliothèque de philosophie contemporaine0 aBibliothèque de philosophie contemporaine aES-MaACLjB-7159